60 Random Missing Countries by Capitals - Statistics

General Stats
  • This quiz has been taken 3,745 times
    509 since last reset
  • The average score is 47 of 60
Answers on the Map
Answers color-coded by a green-red scale on the quiz's map according to % correct below.
 
Answer Stats
Answer % Correct
Algiers
100%
Ankara
100%
Astana
100%
Bamako
100%
Beijing
100%
Berlin
100%
Bogota
100%
Brasilia
100%
Budapest
100%
Cairo
100%
Canberra
100%
Damascus
100%
Dhaka
100%
Dublin
100%
Guatemala City
100%
Havana
100%
Helsinki
100%
Islamabad
100%
Kinshasa
100%
Kuala Lumpur
100%
La Paz
100%
Lima
100%
Managua
100%
Manila
100%
Mexico City
100%
Mogadishu
100%
Moscow
100%
N’Djamena
100%
New Delhi
100%
Nouakchott
100%
Oslo
100%
Ottawa
100%
Panama City
100%
Paris
100%
Pretoria
100%
Quito
100%
San Jose
100%
São Tomé
100%
Sarajevo
100%
Stockholm
100%
Tehran
100%
Tunis
100%
Vienna
100%
Vientiane
100%
Warsaw
100%
Windhoek
100%
Caracas
92%
Kabul
92%
Abuja
91%
Gaborone
91%
Kathmandu
91%
Luanda
91%
Montevideo
91%
Taipei
91%
Apia
90%
Minsk
90%
Paramaribo
90%
Porto Novo
90%
Khartoum
89%
Madrid
89%
Palikir
89%
Santiago
89%
Addis Ababa
88%
Jakarta
88%
Juba
88%
Seoul
88%
Tegucigalpa
88%
Tripoli
88%
Washington D.C
88%
Bucharest
87%
Belgrade
86%
Bishkek
86%
Georgetown
86%
Libreville
86%
Lisbon
86%
Prague
86%
Riga
86%
Riyadh
86%
Tokyo
86%
Hanoi
85%
Yaoundé
85%
Buenos Aires
83%
Dakar
83%
Doha
83%
Gitega
83%
Harare
83%
Asunción
82%
Bern
82%
Lilongwe
82%
Valletta
82%
Abu Dhabi
80%
Maseru
80%
Nassau
80%
Nuku Alofa
80%
Port-au-Prince
80%
Rome
80%
Copenhagen
79%
Sofia
79%
Antananarivo
78%
Brazzaville
78%
Ciudad de la Paz
78%
Funafuti
78%
Kampala
78%
Nairobi
78%
Naypyidaw
78%
Zagreb
78%
Ashgabat
75%
Djibouti
75%
Dodoma
75%
London
75%
Maputo
75%
Niamey
75%
Pyongyang
75%
Tallinn
75%
Wellington
75%
Yerevan
75%
Chișinău
73%
Moroni
73%
Podgorica
73%
Praia
73%
Suva
73%
Accra
71%
Bangkok
71%
Brussels
71%
Muscat
71%
Nicosia
71%
Port Moresby
71%
Sana’a
71%
Thimphu
71%
Victoria
71%
Baku
70%
Bangui
70%
Tashkent
70%
Belmopan
67%
Conakry
67%
Freetown
67%
Lomé
67%
Majuro
67%
Phnom Penh
67%
Port of Spain
67%
Rabat
67%
Reykjavik
67%
Skopje
67%
Tbilisi
67%
Yaren
67%
Bissau
64%
Castries
64%
Male
64%
Mbabane
64%
Ouagadougou
64%
San Salvador
64%
Amsterdam
63%
Asmara
63%
Athens
63%
Ljubljana
63%
Santo Domingo
63%
Bratislava
60%
Dushanbe
60%
Jerusalem
60%
Kuwait city
60%
Yamoussoukro
60%
Banjul
58%
Ngerulmud
58%
Kingston
57%
Lusaka
57%
Pristina
57%
Honiara
56%
Luxembourg
56%
Monrovia
56%
Tirana
56%
Tarawa
55%
Banjul
50%
Basseterre
50%
Beirut
50%
Kigali
50%
Port Louis
50%
St. George’s
50%
Ulaanbaatar
50%
Sri Jayawardenepura Kotte
46%
Dili
45%
Port Vila
45%
Bandar Seri Begawan
38%
Bridgetown
38%
Kingstown
33%
St. John’s
29%
Roseau
25%
Vilnius
25%
Bandar Seri Begawan
22%
No matching quizzes found
Score Distribution
Percent of People with Each Score
Percentile by Number Answered
Your Score History
You have not taken this quiz since the last reset